[Event "SVK-ch sf 33rd corr"]
[Site "Slovakia"]
[Date "2004.??.??"]
[Round "?"]
[White "Magula, Rene"]
[Black "Retkovsky, Miroslav"]
[Result "1-0"]
[WhiteElo "2112"]
[BlackElo "1909"]
[PlyCount "65"]
[EventDate "2003.??.??"]
[EventType "tourn (corr)"]
[EventRounds "12"]
[EventCountry "SVK"]
[SourceTitle "Corr 2006"]
[Source "ChessBase"]
[SourceDate "2006.04.01"]
[SourceVersion "3"]
[SourceVersionDate "2006.04.01"]
[SourceQuality "1"]

1. e4 c5 2. Nf3 e6 3. d4 cxd4 4. Nxd4 Nf6 5. Nc3 d6 6. Bg5 Be7 7. Ndb5 0-0 8. Bf4 e5 9. Bg5 a6 10. Bxf6 gxf6 11. Na3 f5 12. exf5 Bxf5 13. Qf3 Bc8 14. Nd5 Nc6 15. c3 Kh8 16. Nc4 Be6 17. Ncb6 Bxd5 18. Nxd5 f5 19. Rd1 Rc8 20. Be2 Qe8 21. 0-0 Qf7 22. a4 Nd8 23. Qh3 Ne6 24. f4 Ng7 25. Qh6 Rcd8 26. Rd3 Bf6 27. fxe5 Bxe5 28. Rh3 Ne8 29. Bd3 Qg7 30. Rxf5 Rg8 31. Qxg7+ Kxg7 32. Rg5+ Kf7 33. Rf3+ 1-0

[Event "SVK-ch sf 33rd corr"]
[Site "Slovakia"]
[Date "2004.??.??"]
[Round "?"]
[White "Simoncic, Ladislav"]
[Black "Retkovsky, Miroslav"]
[Result "1-0"]
[WhiteElo "2053"]
[BlackElo "1909"]
[PlyCount "71"]
[EventDate "2003.??.??"]
[EventType "tourn (corr)"]
[EventRounds "12"]
[EventCountry "SVK"]
[SourceTitle "Corr 2006"]
[Source "ChessBase"]
[SourceDate "2006.04.01"]
[SourceVersion "3"]
[SourceVersionDate "2006.04.01"]
[SourceQuality "1"]

1. e4 e6 2. d4 d5 3. Nd2 Nf6 4. e5 Nfd7 5. Bd3 c5 6. c3 Nc6 7. Ne2 cxd4 8. cxd4 f6 9. exf6 Nxf6 10. Nf3 Bd6 11. 0-0 Qc7 12. Nc3 a6 13. Qa4 0-0 14. h3 Bd7 15. Qb3 Kh8 16. Re1 Rae8 17. Bg5 Nh5 18. Ne2 Bc8 19. Rac1 Qd7 20. Bd2 Bb8 21. Bc2 Nf4 22. Nxf4 Bxf4 23. Bxf4 Rxf4 24. Qd3 g6 25. Qc3 Qg7 26. Ba4 Bd7 27. Bxc6 Bxc6 28. Re5 h6 29. Qe3 Rf6 30. Nh2 g5 31. Ng4 Rg6 32. Qd2 h5 33. Nh2 Rf8 34. Nf3 Rf5 35. Rce1 Bd7 36. Qb4 1-0

[Event "SVK-Cup13 G2 corr"]
[Site "Slovakia"]
[Date "2002.12.13"]
[Round "?"]
[White "Retkovsky, Miroslav"]
[Black "Grega, Jaroslav"]
[Result "1/2-1/2"]
[WhiteElo "1909"]
[BlackElo "1881"]
[PlyCount "62"]
[EventDate "2002.??.??"]
[EventType "tourn (corr)"]
[EventRounds "12"]
[EventCountry "SVK"]
[SourceTitle "Corr 2004"]
[Source "ChessBase"]
[SourceDate "2003.04.28"]
[SourceVersion "3"]
[SourceVersionDate "2003.04.28"]
[SourceQuality "1"]

1. d4 d5 2. c4 c6 3. Nc3 Nf6 4. Nf3 e6 5. e3 Nbd7 6. a3 Be7 7. b4 b6 8. Bb2 Ba6 9. b5 Bb7 10. cxd5 cxd5 11. Bd3 0-0 12. 0-0 Bd6 13. Qb1 Qe7 14. Rc1 Rfc8 15. Qa2 Rc7 16. Ne2 Rac8 17. Rxc7 Rxc7 18. Rc1 Rxc1+ 19. Nxc1 Ne4 20. Bf1 Ndf6 21. h3 Ne8 22. Qb3 N8f6 23. Nd3 Nd7 24. a4 f6 25. Nde1 Nf8 26. Bd3 Ng6 27. Nc2 Bc8 28. Ba3 Bxa3 29. Nxa3 Qc7 30. Qc2 Qxc2 31. Bxc2 Nd6 1/2-1/2

[Event "SVK-Cup13 G2 corr"]
[Site "Slovakia"]
[Date "2002.10.10"]
[Round "?"]
[White "Mokosak, Dusan"]
[Black "Retkovsky, Miroslav"]
[Result "0-1"]
[WhiteElo "2111"]
[BlackElo "1909"]
[PlyCount "38"]
[EventDate "2002.??.??"]
[EventType "tourn (corr)"]
[EventRounds "12"]
[EventCountry "SVK"]
[SourceTitle "Corr 2004"]
[Source "ChessBase"]
[SourceDate "2003.04.28"]
[SourceVersion "3"]
[SourceVersionDate "2003.04.28"]
[SourceQuality "1"]

1. e4 d5 2. exd5 Nf6 3. d4 Nxd5 4. c4 Nb6 5. Nf3 Bg4 6. Be3 e5 7. h3 Bxf3 8. Qxf3 exd4 9. Qe4+ Be7 10. Bxd4 0-0 11. Bd3 Bb4+ 12. Kd1 g6 13. a3 Re8 14. Bf6 Be7 15. Re1 Nc6 16. Qf3 Bxf6 17. Rxe8+ Qxe8 18. Qxf6 Rd8 19. Kc2 Nd4+ 0-1

[Event "SVK-chT2 4th As3 corr"]
[Site "Slovakia"]
[Date "2000.??.??"]
[Round "6"]
[White "Klochan, Peter"]
[Black "Retkovsky, Miroslav"]
[Result "1/2-1/2"]
[WhiteElo "2037"]
[BlackElo "1498"]
[PlyCount "29"]
[EventDate "2000.03.15"]
[EventType "team (corr)"]
[EventRounds "8"]
[EventCountry "SVK"]
[SourceTitle "Corr 2002"]
[Source "ChessBase"]
[SourceDate "2002.05.23"]
[SourceVersion "1"]
[SourceVersionDate "2002.05.23"]
[SourceQuality "1"]

1. f4 d5 2. Nf3 g6 3. e3 Bg7 4. c4 Nf6 5. cxd5 Nxd5 6. d4 c5 7. dxc5 Qa5+ 8. Bd2 Qxc5 9. Qb3 0-0 10. e4 Be6 11. exd5 Bxd5 12. Be3 Qa5+ 13. Bd2 Qc5 14. Be3 Qa5+ 15. Bd2 1/2-1/2

[Event "SVK-chT2 4th As3 corr"]
[Site "Slovakia"]
[Date "2000.??.??"]
[Round "17"]
[White "Povchanic, Daniel"]
[Black "Retkovsky, Miroslav"]
[Result "1-0"]
[WhiteElo "1900"]
[BlackElo "1498"]
[PlyCount "69"]
[EventDate "2000.03.15"]
[EventType "team (corr)"]
[EventRounds "8"]
[EventCountry "SVK"]
[SourceTitle "Corr 2002"]
[Source "ChessBase"]
[SourceDate "2002.05.23"]
[SourceVersion "1"]
[SourceVersionDate "2002.05.23"]
[SourceQuality "1"]

1. e4 e6 2. d4 d5 3. Nd2 c5 4. exd5 exd5 5. Ngf3 Nc6 6. Bb5 cxd4 7. Nxd4 Bd7 8. N2f3 Nf6 9. 0-0 Be7 10. c3 0-0 11. Bd3 Re8 12. Bf4 Bg4 13. Qb3 Ne4 14. Bxe4 dxe4 15. Qxb7 Nxd4 16. Nxd4 Bc5 17. Nc6 Qf6 18. Be5 Qe6 19. Bg3 a5 20. Qb5 Qd5 21. c4 Qh5 22. Nxa5 Bf8 23. Qxh5 Bxh5 24. Nb7 Re6 25. c5 g5 26. b4 f5 27. Bd6 Bg7 28. Rac1 Rxa2 29. c6 Ra8 30. c7 Rc8 31. b5 Bd4 32. Rc4 Ba7 33. Ra4 Bb6 34. Ra6 Bd4 35. Nd8 1-0

[Event "SVK-chT2 4th As3 corr"]
[Site "Slovakia"]
[Date "2000.??.??"]
[Round "4"]
[White "Retkovsky, Miroslav"]
[Black "Povchanic, Daniel"]
[Result "0-1"]
[WhiteElo "1498"]
[BlackElo "1900"]
[PlyCount "60"]
[EventDate "2000.03.15"]
[EventType "team (corr)"]
[EventRounds "8"]
[EventCountry "SVK"]
[SourceTitle "Corr 2002"]
[Source "ChessBase"]
[SourceDate "2002.05.23"]
[SourceVersion "1"]
[SourceVersionDate "2002.05.23"]
[SourceQuality "1"]

1. d4 Nf6 2. c4 g6 3. Nc3 d5 4. Nf3 Bg7 5. Qb3 dxc4 6. Qxc4 0-0 7. e4 Na6 8. Be2 c5 9. d5 e6 10. 0-0 exd5 11. exd5 Bf5 12. Be3 Qb6 13. b3 Rfe8 14. Rad1 Ng4 15. Bd2 Ne5 16. Nxe5 Bxe5 17. Be3 Qa5 18. Na4 Bd6 19. h3 Rac8 20. Qc3 Nb4 21. g4 Be4 22. a3 Qc7 23. Rfe1 Nxd5 24. Rxd5 Bxd5 25. Rd1 Bh2+ 26. Kf1 Be5 27. Qc2 Bd4 28. Bb5 Qh2 29. Bxe8 Rxe8 30. Nc3 Bf3 0-1

[Event "SVK-chT2 4th As3 corr"]
[Site "Slovakia"]
[Date "2000.??.??"]
[Round "12"]
[White "Retkovsky, Miroslav"]
[Black "Vrana, Lubomir"]
[Result "0-1"]
[WhiteElo "1498"]
[BlackElo "2061"]
[PlyCount "68"]
[EventDate "2000.03.15"]
[EventType "team (corr)"]
[EventRounds "8"]
[EventCountry "SVK"]
[SourceTitle "Corr 2002"]
[Source "ChessBase"]
[SourceDate "2002.05.23"]
[SourceVersion "1"]
[SourceVersionDate "2002.05.23"]
[SourceQuality "1"]

1. d4 d5 2. c4 dxc4 3. Nf3 Nf6 4. e3 e6 5. Bxc4 c5 6. 0-0 a6 7. Bb3 cxd4 8. exd4 b5 9. a4 b4 10. Nbd2 Be7 11. Nc4 Bb7 12. Nce5 Nd5 13. Re1 0-0 14. Bc2 Nd7 15. Qd3 g6 16. Ng4 Qc7 17. Bh6 Rfc8 18. Rac1 N5f6 19. Nge5 Nxe5 20. dxe5 Ng4 21. Bf4 Bc5 22. Bg3 Qb6 23. Qe2 Nh6 24. Ng5 Be7 25. Bf4 Nf5 26. Be4 Bxe4 27. Nxe4 b3 28. Rc4 Rxc4 29. Qxc4 Rd8 30. Qc3 Bb4 31. Qxb3 Qd4 32. Be3 Qxe4 33. Bd2 Qd4 34. Bxb4 Rb8 0-1